<?xml version="1.0" encoding="UTF-8"?>
<record
    xmlns:xsi="http://www.w3.org/2001/XMLSchema-instance"
    xsi:schemaLocation="http://www.loc.gov/MARC21/slim http://www.loc.gov/standards/marcxml/schema/MARC21slim.xsd"
    xmlns="http://www.loc.gov/MARC21/slim">

  <leader>01529nam1a2200349 i 4500</leader>
  <controlfield tag="001">RU\NLR\BIBL_A\012248206</controlfield>
  <controlfield tag="005">20260407135555.0</controlfield>
  <datafield tag="021" ind1=" " ind2=" ">
    <subfield code="a">RU</subfield>
    <subfield code="b">2020-7060</subfield>
    <subfield code="9">&#x41A;&#x41D;-&#x41F;-534</subfield>
  </datafield>
  <datafield tag="035" ind1=" " ind2=" ">
    <subfield code="a">(NLR Aleph) 012248206</subfield>
  </datafield>
  <datafield tag="090" ind1=" " ind2=" ">
    <subfield code="a">11067838</subfield>
    <subfield code="c">11067838</subfield>
  </datafield>
  <datafield tag="100" ind1=" " ind2=" ">
    <subfield code="a">20200317g20109999   y0rusy50      ca</subfield>
  </datafield>
  <datafield tag="101" ind1="0" ind2=" ">
    <subfield code="a">rus</subfield>
  </datafield>
  <datafield tag="102" ind1=" " ind2=" ">
    <subfield code="a">RU</subfield>
  </datafield>
  <datafield tag="105" ind1=" " ind2=" ">
    <subfield code="a">||||z   |||||</subfield>
  </datafield>
  <datafield tag="200" ind1="1" ind2=" ">
    <subfield code="a">&#x41E;&#x43B;&#x438;&#x43C;&#x43F;&#x438;&#x430;&#x434;&#x43D;&#x44B;&#x435; &#x437;&#x430;&#x434;&#x430;&#x43D;&#x438;&#x44F;</subfield>
    <subfield code="e">&#x43C;&#x430;&#x442;&#x435;&#x43C;&#x430;&#x442;&#x438;&#x43A;&#x430;, &#x440;&#x443;&#x441;&#x441;&#x43A;&#x438;&#x439; &#x44F;&#x437;&#x44B;&#x43A;, &#x43E;&#x43A;&#x440;&#x443;&#x436;&#x430;&#x44E;&#x449;&#x438;&#x439; &#x43C;&#x438;&#x440;</subfield>
    <subfield code="e">3-4 &#x43A;&#x43B;&#x430;&#x441;&#x441;&#x44B;</subfield>
    <subfield code="f">&#x418;&#x437;&#x434;-&#x432;&#x43E; "&#x423;&#x447;&#x438;&#x442;&#x435;&#x43B;&#x44C;"</subfield>
    <subfield code="g">&#x430;&#x432;&#x442;.-&#x441;&#x43E;&#x441;&#x442;.: &#x41D;.&#x412;. &#x41B;&#x43E;&#x431;&#x43E;&#x434;&#x438;&#x43D;&#x430;</subfield>
  </datafield>
  <datafield tag="210" ind1=" " ind2=" ">
    <subfield code="a">&#x412;&#x43E;&#x43B;&#x433;&#x43E;&#x433;&#x440;&#x430;&#x434;</subfield>
    <subfield code="c">&#x423;&#x447;&#x438;&#x442;&#x435;&#x43B;&#x44C;</subfield>
    <subfield code="d">2010</subfield>
  </datafield>
  <datafield tag="215" ind1=" " ind2=" ">
    <subfield code="d">22</subfield>
  </datafield>
  <datafield tag="225" ind1="1" ind2=" ">
    <subfield code="a">&#x41D;&#x430;&#x447;&#x430;&#x43B;&#x44C;&#x43D;&#x430;&#x44F; &#x448;&#x43A;&#x43E;&#x43B;&#x430;</subfield>
  </datafield>
  <datafield tag="320" ind1=" " ind2=" ">
    <subfield code="a">&#x411;&#x438;&#x431;&#x43B;&#x438;&#x43E;&#x433;&#x440;.: &#x441;. 330 (14 &#x43D;&#x430;&#x437;&#x432;.)</subfield>
  </datafield>
  <datafield tag="463" ind1=" " ind2="0">
    <subfield code="1">0011362824</subfield>
  </datafield>
  <datafield tag="606" ind1="1" ind2=" ">
    <subfield code="a">&#x41C;&#x430;&#x442;&#x435;&#x43C;&#x430;&#x442;&#x438;&#x43A;&#x430;</subfield>
    <subfield code="x">&#x41E;&#x43B;&#x438;&#x43C;&#x43F;&#x438;&#x430;&#x434;&#x44B; &#x448;&#x43A;&#x43E;&#x43B;&#x44C;&#x43D;&#x44B;&#x435;</subfield>
    <subfield code="9">1534665</subfield>
    <subfield code="3">RU\NLR\auth\66668673</subfield>
  </datafield>
  <datafield tag="606" ind1=" " ind2=" ">
    <subfield code="a">&#x420;&#x443;&#x441;&#x441;&#x43A;&#x438;&#x439; &#x44F;&#x437;&#x44B;&#x43A;</subfield>
    <subfield code="x">&#x41E;&#x43B;&#x438;&#x43C;&#x43F;&#x438;&#x430;&#x434;&#x44B; &#x448;&#x43A;&#x43E;&#x43B;&#x44C;&#x43D;&#x44B;&#x435;</subfield>
    <subfield code="9">2264802</subfield>
    <subfield code="3">RU\NLR\auth\661357728</subfield>
  </datafield>
  <datafield tag="606" ind1="1" ind2=" ">
    <subfield code="a">"&#x41E;&#x43A;&#x440;&#x443;&#x436;&#x430;&#x44E;&#x449;&#x438;&#x439; &#x43C;&#x438;&#x440;", &#x43A;&#x443;&#x440;&#x441;</subfield>
    <subfield code="x">&#x41E;&#x43B;&#x438;&#x43C;&#x43F;&#x438;&#x430;&#x434;&#x44B; &#x448;&#x43A;&#x43E;&#x43B;&#x44C;&#x43D;&#x44B;&#x435;</subfield>
    <subfield code="9">2547661</subfield>
    <subfield code="3">RU\NLR\auth\661507776</subfield>
  </datafield>
  <datafield tag="686" ind1=" " ind2=" ">
    <subfield code="a">&#x427;426.24-382.61,01</subfield>
  </datafield>
  <datafield tag="686" ind1=" " ind2=" ">
    <subfield code="a">&#x427;426.131(2)-382.61,01</subfield>
  </datafield>
  <datafield tag="686" ind1=" " ind2=" ">
    <subfield code="a">&#x427;426.44-382.61"&#x41E;&#x43A;&#x440;.&#x43C;&#x438;&#x440;",01</subfield>
  </datafield>
  <datafield tag="701" ind1=" " ind2="1">
    <subfield code="a">&#x41B;&#x43E;&#x431;&#x43E;&#x434;&#x438;&#x43D;&#x430;</subfield>
    <subfield code="b">&#x41D;. &#x412;.</subfield>
    <subfield code="g">&#x41D;&#x430;&#x442;&#x430;&#x43B;&#x44C;&#x44F; &#x412;&#x438;&#x43A;&#x442;&#x43E;&#x440;&#x43E;&#x432;&#x43D;&#x430;</subfield>
    <subfield code="4">070</subfield>
  </datafield>
  <datafield tag="712" ind1="0" ind2="2">
    <subfield code="4">570</subfield>
    <subfield code="a">"&#x423;&#x447;&#x438;&#x442;&#x435;&#x43B;&#x44C;", &#x438;&#x437;&#x434;&#x430;&#x442;&#x435;&#x43B;&#x44C;&#x441;&#x442;&#x432;&#x43E;</subfield>
    <subfield code="c">&#x412;&#x43E;&#x43B;&#x433;&#x43E;&#x433;&#x440;&#x430;&#x434;</subfield>
    <subfield code="3">RU\NLR\AUTH\8810004275</subfield>
    <subfield code="9">505853</subfield>
  </datafield>
  <datafield tag="852" ind1=" " ind2=" ">
    <subfield code="a">NLR</subfield>
    <subfield code="j">2009-5/3972</subfield>
  </datafield>
  <datafield tag="942" ind1=" " ind2=" ">
    <subfield code="c">BOOK</subfield>
  </datafield>
</record>
